Tous les clubs victimes de Mohamed Salah - Statistiques

Statistiques générales
  • Ce quiz a été pris 283 fois
    7 depuis la dernière actualisation
  • Le résultat moyen est 40 sur 89
Statistiques - réponses
Pays Club % Correct
Angleterre Arsenal 11
100%
Italie AS Rome 2
100%
Angleterre Chelsea 8
100%
Italie Juventus 2
100%
Italie Lazio Rome 2
100%
Angleterre Manchester City 13
100%
Angleterre Manchester United 16
100%
Italie Naples 3
100%
Espagne Real Madrid 2
100%
Angleterre Tottenham 16
100%
Italie AC Milan 3
80%
Angleterre Aston Villa 10
80%
Espagne Atletico Madrid 3
80%
Angleterre Bournemouth 12
80%
Angleterre Everton 9
80%
Portugal FC Porto 5
80%
Italie Fiorentina 3
80%
Angleterre Fulham 5
80%
Italie Inter Milan 2
80%
France LOSC 1
80%
Autriche RB Salzbourg 3
80%
Angleterre West Ham 13
80%
Pays-Bas Ajax Amsterdam 2
60%
Italie Atalanta Bergame 2
60%
Angleterre Brentford 6
60%
Angleterre Burnley 2
60%
Angleterre Crystal Palace 9
60%
Serbie Etoile rouge de Belgrade 2
60%
Espagne FC Séville 1
60%
Turquie Galatasaray 1
60%
Ecosse Glasgow Rangers 4
60%
Angleterre Leeds United 8
60%
Angleterre Newcastle 9
60%
Angleterre Nottingham Forest 2
60%
Azerbaïdjan Qarabağ 1
60%
Allemagne RB Leipzig 2
60%
Suisse Young Boys Berne 2
60%
Allemagne Bayer Leverkusen 1
40%
Italie Bologne 6
40%
Angleterre Brighton 11
40%
Italie Chievo Vérone 2
40%
Egypte El Ahly 1
40%
Suisse FC Lucerne 1
40%
Suisse FC Zürich 1
40%
Italie Genoa 1
40%
Belgique KRC Genk 1
40%
Autriche LASK Linz 2
40%
Angleterre Leicester 5
40%
Israël Maccabi Tel Aviv 1
40%
Slovénie Maribor 3
40%
France Olympique Lyonnais 1
40%
Italie Palerme 3
40%
Italie Sampdoria Gênes 3
40%
Angleterre Southampton 11
40%
Tchéquie Sparta Prague 1
40%
France Toulouse 1
40%
Italie Udinese 1
40%
Angleterre Watford 9
40%
Angleterre West Bromwich 3
40%
Angleterre Cardiff City 1
20%
Italie FC Crotone 1
20%
Danemark FC Midtjylland 2
20%
Espagne Girona 1
20%
Angleterre Huddersfield 4
20%
Angleterre Ipswich Town 2
20%
Suisse Lausanne 2
20%
Bulgarie Ludogorets Razgrad 2
20%
Angleterre Norwich 3
20%
Italie Pescara 2
20%
Angleterre Sheffield United 1
20%
Russie Spartak Moscou 1
20%
Angleterre Stoke City 3
20%
Angleterre Wolverhampton 8
20%
Italie AC Carpi 2
0%
Roumanie Astra Giurgiu 1
0%
Egypte El Dakhlia 2
0%
Egypte El Gouna 1
0%
Egypte El Hodoud 1
0%
Italie Empoli 2
0%
Suisse FC Aarau 1
0%
Suisse FC Armiswil 1
0%
Suisse FC Locarno 2
0%
Suisse FC Sion 2
0%
Suisse FC Tuggen 1
0%
Allemagne Hoffenheim 1
0%
Egypte Ittihad Alexandrie 1
0%
Egypte Petrojet 2
0%
Egypte Smouha 3
0%
Egypte Suez SC 1
0%
Aucun quiz correspondant
Distribution des résultats
% des personnes avec chaque résultat
Percentile par nombre de réponses
Votre historique - résultats
Vous n’avez pas pris ce quiz depuis la dernière actualisation